[Event "Hengelo U16 op"]
[Site "Hengelo"]
[Date "2005.08.09"]
[Round "3"]
[White "Van Eetvelde, Ward"]
[Black "Ramackers, Wiro"]
[Result "1-0"]
[WhiteElo "1372"]
[BlackElo "1199"]
[PlyCount "89"]
[EventDate "2005.08.??"]
[EventType "swiss"]
[EventRounds "9"]
[EventCountry "NED"]
[SourceTitle "CBM 107 Extra"]
[Source "ChessBase"]
[SourceDate "2005.09.01"]
[SourceVersion "1"]
[SourceVersionDate "2005.09.01"]
[SourceQuality "1"]

1. Nf3 d5 2. e3 Nc6 3. d4 Nf6 4. c4 e6 5. a3 Be7 6. Qc2 0-0 7. b4 a5 8. b5 Nb8 9. c5 Nbd7 10. a4 Re8 11. Bb2 b6 12. c6 Nf8 13. Bd3 Bd6 14. Nbd2 Re7 15. Bc3 h6 16. 0-0-0 Qe8 17. Qb2 N6h7 18. Ne1 f6 19. f4 Rf7 20. g3 Qe7 21. Kb1 g5 22. Nef3 Kg7 23. Qc2 f5 24. Rdg1 g4 25. Nh4 Ng6 26. Nxg6 Kxg6 27. h3 Nf6 28. hxg4 Nxg4 29. Nf3 Rh7 30. Rh4 h5 31. Rgh1 Nf6 32. Qe2 Rh6 33. R1h3 Bd7 34. cxd7 Qxd7 35. Nh2 Rah8 36. Be1 Ne4 37. g4 fxg4 38. Bxe4+ dxe4 39. Nxg4 hxg4 40. Qxg4+ Kf7 41. Rxh6 Rxh6 42. Rxh6 Ke7 43. Rxe6+ Kf7 44. Qf5+ Kg7 45. Rg6+ 1-0